00000000nam 2200000zi 4500
0019.950742
003CaOODSP
00520250507091826
006m     o  d f      
007cr |||||||||||
008250501e198105##onca||||ob   f000 0 eng d
020 |z0662115449
040 |aCaOODSP|beng|erda|cCaOODSP
0410 |aeng|beng|bfre
043 |an-cn---
0861 |aNH18-29/7-1981E-PDF|zEn43-51/7E
24500|aEvaluation of the "hydro-brake" flow regulator / |cby Gore & Storrie Limited Consulting Engineers.
264 1|aOttawa, Ontario : |bCanada Mortgage and Housing Corporation; Environment Canada, |cMay 1981.
264 4|c©1979
300 |a1 online resource (vii, 32 pages) : |billustrations.
336 |atext|btxt|2rdacontent
337 |acomputer|bc|2rdamedia
338 |aonline resource|bcr|2rdacarrier
4900 |aSewage collection and treatment report ; |vSCAT-7
500 |aDigitized edition from print [produced by Canada Mortgage and Housing Corporation].
500 |aIssued also in French under title: Évaluation du régulateur de débit Hydro-Brake.
500 |a"This report has been reviewed by Canada Mortgage and Housing Corporation, and Environment Canada."
500 |a"NHA 5415 81/5."
504 |aIncludes bibliographic references.
546 |aIncludes abstract in English and French.
650 0|aStorm sewers|xResearch.
650 0|aFlow meters|zCanada|xTesting.
650 0|aUrban runoff.
7102 |aCanada Mortgage and Housing Corporation, |eissuing body
7101 |aCanada. |bEnvironment Canada, |eissuing body.
7102 |aGore & Storrie Limited, |eauthor.
77508|tÉvaluation du régulateur de débit Hydro-Brake / |w(CaOODSP)9.936217
830#0|aSewage collection and treatment report ;|vSCAT-7. |w(CaOODSP)9.856035
85640|qPDF|s948 KB|uhttps://publications.gc.ca/collections/collection_2025/schl-cmhc/NH18-29-7-1981-eng.pdf